000 00626nam a2200229Ia 4500
003 GCL
008 140319s9999 xx 000 0 ara d
040 _aGCL /
_cGCL
082 0 4 _a953.078
_bا م
100 1 _aالسيد الباز العرينى
245 1 0 _aالمغول /
_cالسيد الباز العرينى
260 _a[S.N] :
_bدار النهضة العربية ،
_c1986
300 _a378 ص
490 _a
650 0 4 _aدولة المماليك
650 0 4 _aالفرس
650 0 4 _aالمغول
650 0 4 _aجينكزخان
650 0 4 _aالرتك
650 0 4 _aالترك
942 _2ddc
_cBK
999 _c37021
_d37021